Представление документа в формате RUSMARC

ПолеНазваниеЗначение
  Тип записи a
  Библиографический уровень m
001 Контрольный номер RU/SLIB/B/208721082
005 Дата корректировки 20201206203944.5
010 Индекс ISBN __
d Цена 1-50
101 Язык документа __
a Язык текста rus
c Язык оригинала rus
200 Заглавие и сведения об ответственности 1_
a Заглавие Аккордеон в музыкальной школе
e Сведения, относящиеся к заглавию пьесы для 3-4 кл.
f Первые сведения об ответственности сост. и исполн. ред. Ф. Бушуева
b Общее обозначение материала Текст
h Номер части Вып. 45
210 Выходные данные __
a Место издания М.
c Издательство Совет. композитор
d Дата издания 1983
215 Физическое описание __
a Объем 31 с.
606 Тематические рубрики __
a Основная рубрика Музыка и зрелищные искусства
606 Тематические рубрики __
a Основная рубрика Инструментальная музыка
610 Ключевые слова __
a Ключевые слова аккордеоны; музыкальные инструменты
686 Индексы других классификаций __
a Классификационный индекс 85.954.8
702 Вторичная интеллектуальная ответственность _1
a Фамилия Бушуева
b Имя Ф.
4 Код отношения Составитель
4 Код отношения 220
4 Код отношения 340
801 Источник записи _0
a Страна RU
b Организация Муниципальное бюджетное учреждение культуры "Централизованная библиотечная система" г. Сургут (Центральная городская библиотека им. А. С. Пушкина)
g Правила каталогизации КиК/Лебедева
801 Источник записи _1
a Страна RU
b Организация Муниципальное бюджетное учреждение культуры "Централизованная библиотечная система" г. Сургут (Центральная городская библиотека им. А. С. Пушкина)
g Правила каталогизации КиК/Лебедева
852 Данные о местонахождении __
j Шифр хранения 85.954.8
c Каталожный индекс 85.954.8
i Авторский знак А 39
p Инвентарный номер Б/Н
901 Тип документа __
t Тип документа m
903 Характеристики (МАРС) __
a Дата передачи 20010622
990 Данные о заказе (DOS) __
h N записи в КСУ для Б/У (DOS) 199205
j Количество экземпляров (DOS) 1